বাংলাদেশ বদ্বীপ: একুশ শতকের ব্যবস্থাপনা/ (Record no. 111731)
[ view plain ]
| 000 -LEADER | |
|---|---|
| fixed length control field | 00696nam a22001457a 4500 |
| 003 - CONTROL NUMBER IDENTIFIER | |
| control field | BD-ChCU |
| 005 - DATE AND TIME OF LATEST TRANSACTION | |
| control field | 20260224134828.0 |
| 008 - FIXED-LENGTH DATA ELEMENTS--GENERAL INFORMATION | |
| fixed length control field | 260224b bg ||||| |||| 00| 0 ben d |
| 040 ## - CATALOGING SOURCE | |
| Transcribing agency | BD-ChCU |
| 082 ## - DEWEY DECIMAL CLASSIFICATION NUMBER | |
| Classification number | ৩৩৩.৯১৮০৯৫৪৯২ আহ ৭১ বা |
| 245 ## - TITLE STATEMENT | |
| Title | বাংলাদেশ বদ্বীপ: একুশ শতকের ব্যবস্থাপনা/ |
| Statement of responsibility, etc. | মহিউদ্দিন আহমদ , গিয়াসউদ্দীন আহমদ চৌধুরী , ইয়াপ ডি হীর |
| 300 ## - PHYSICAL DESCRIPTION | |
| Extent | ১২৬পৃ. |
| 650 #0 - SUBJECT ADDED ENTRY--TOPICAL TERM | |
| Topical term or geographic name entry element | বাংলাদেশ বদ্বীপ: ব্যবস্থাপনা |
| 9 (RLIN) | 20565 |
| 942 ## - ADDED ENTRY ELEMENTS (KOHA) | |
| Source of classification or shelving scheme | Dewey Decimal Classification |
| Koha item type | Books |
| Suppress in OPAC | No |
| Withdrawn status | Lost status | Source of classification or shelving scheme | Damaged status | Not for loan | Home library | Current library | Shelving location | Date acquired | Source of acquisition | Total Checkouts | Full call number | Barcode | Date last seen | Price effective from | Koha item type |
|---|---|---|---|---|---|---|---|---|---|---|---|---|---|---|---|
| Dewey Decimal Classification | Chittagong University Library | Chittagong University Library | Business and Social Science Reading Room | 02/24/2026 | অনুদান | ৩৩৩.৯১৮০৯৫৪৯২ | 289688 | 02/24/2026 | 02/24/2026 | Books |